000 00491nam a2200181Ia 4500
001 2278
005 20260306143830.0
008 260306t2015||||xx |||||||||||||| ||spa||
041 _aESP
082 _a616.8527
_bV38
100 _aVázquez, Fernando L.
_eAUT
245 0 _aTerapia de solución de problemas para la depresión:
_buna breve guía de práctica en grupo
260 _c2015
300 _a247 páginas :
_c23 cm.
650 _aGEN
654 _aCPS
942 _cLIB
_dJUS
_fJUS
_2ddc
_n
999 _c2278
_d2278